000
00296nam a2200121Ia 4500
008
190216s9999||||xx |||||||||||||| ||und||
100
_a
Shaik Moula Dr
245
0
_a
Interactions In English
260
_b
Publications Division
_c
1997
300
_a
300p
650
_a
English Grammer
942
_c
REF
999
_c
36290
_d
36290